Quantitative analysis for business decisions
| Main Author: | |
|---|---|
| Format: | Book |
| Published: |
New York :
McGraw hill ,
1989
|
| Subjects: |
MARC
| LEADER | 00000cam a2200000 7i4500 | ||
|---|---|---|---|
| 001 | 0000005567 | ||
| 005 | 20030123.0 | ||
| 020 | |a 0070991774 | ||
| 040 | |a INS | ||
| 090 | 0 | 0 | |a HD30.23 |b S75 1989 |
| 100 | 0 | |a Srinivasam, Bobby | |
| 245 | 0 | 0 | |a Quantitative analysis for business decisions |c Bobby Srinivasam |
| 260 | |a New York : |b McGraw hill , |c 1989 | ||
| 300 | |a 571p. | ||
| 650 | 0 | 0 | |a Decision - making |x mathematical models |
| 650 | 0 | 0 | |a Industrial management |x mathematical models |
| 999 | |a 0000006426 |b BOOK |c Open Shelf |e Default branch | ||